| 000 | 00569nam a2200217 a 4500 | ||
|---|---|---|---|
| 001 | BRL_553 | ||
| 005 | 20190320210810.0 | ||
| 008 | 020913s1988----sp-ab#####---#000-0#spa-# | ||
| 020 | _a87318037 | ||
| 041 | _aspa | ||
| 044 | _asp | ||
| 050 | 4 |
_aDP402.T7 _b.M57 1988 |
|
| 100 | 1 |
_aMiranda, Rufino _924279 |
|
| 245 | 1 | 0 |
_aToledo,...su arte,...su historia _b(guía artísitica ilustrada) |
| 260 |
_a[España] _bs.n. _c[1988] |
||
| 300 |
_a123 p. _bil., mapas _c17 cm. |
||
| 500 | _aAu577 | ||
| 651 | 4 |
_aToledo (España) _vGuía _924280 |
|
| 902 | _aGRL | ||
| 942 |
_2lcc _cB |
||
| 999 |
_c9365 _d9365 |
||